00233nam a2200109Ia 4500100002000000654001500020245002900035260002500064082001400089300000800103546001200111 aGibson/Jerry D  amultimedia aMultimedia communication bAcademic Pressc2001 a4.65bGIB a318 aENGLISH